Sociologie de la délinquance (notice n° 1925398)

détails MARC
000 -LEADER
fixed length control field 01297cam a2200133 4500500
005 - DATE AND TIME OF LATEST TRANSACTION
control field 20260329023208.0
041 ## - LANGUAGE CODE
Language code of text/sound track or separate title fre
042 ## - AUTHENTICATION CODE
Authentication code dc
100 10 - MAIN ENTRY--PERSONAL NAME
Personal name Mucchielli, Laurent
Relator term author
245 00 - TITLE STATEMENT
Title Sociologie de la délinquance
260 ## - PUBLICATION, DISTRIBUTION, ETC.
Name of publisher, distributor, etc. Armand Colin,<br/>
Date of publication, distribution, etc. 2018.<br/>
520 ## - SUMMARY, ETC.
Summary, etc. Redonnant tout son sens au programme de recherche tracé par Edwin Sutherland dès les années 1920, ce livre explore les trois aspects fondamentaux de la délinquance. D’abord, la production des normes, qui ne cesse de redéfinir les contours d’une notion propre à une société donnée, à un moment donné de son histoire. Ensuite, les mécanismes de transgression, qui sont à la fois complexes et variés. Loin de se limiter aux phénomènes les plus visibles, tels que les délinquances juvéniles ou les violences physiques et sexuelles, la sociologie nous entraîne aussi dans les méandres de la délinquance des élites économiques et politiques, ainsi que dans les multiples formes de violence politiques et de crime organisé. Enfin, les réactions sociales qui vont de l’indifférence aux poursuites policières et judiciaires, au terme de profondes inégalités sociales.
856 41 - ELECTRONIC LOCATION AND ACCESS
Uniform Resource Identifier <a href="https://shs.cairn.info/sociologie-de-la-delinquance--9782200621155?lang=fr&redirect-ssocas=7080">https://shs.cairn.info/sociologie-de-la-delinquance--9782200621155?lang=fr&redirect-ssocas=7080</a>

Pas d'exemplaire disponible.

PLUDOC

PLUDOC est la plateforme unique et centralisée de gestion des bibliothèques physiques et numériques de Guinée administré par le CEDUST. Elle est la plus grande base de données de ressources documentaires pour les Étudiants, Enseignants chercheurs et Chercheurs de Guinée.

Adresse

627 919 101/664 919 101

25 boulevard du commerce
Kaloum, Conakry, Guinée

Réseaux sociaux

Powered by Netsen Group @ 2025